| 000 | 00451nam a2200205Ia 4500 | ||
|---|---|---|---|
| 008 | 210210b1906 xxu||||| |||| 00| 0 eng d | ||
| 041 | _aeng | ||
| 082 | _a590/198 | ||
| 100 | _aLINEVILLE | ||
| 245 | _aText book of general zoology | ||
| 260 |
_aBoston _bGinn and Company., _c1906 |
||
| 650 | _azoology | ||
| 650 | _aText | ||
| 650 | _aof | ||
| 650 | _ageneral | ||
| 650 | _abook | ||
| 690 | _aZoology | ||
| 700 | _aKELLY | ||
| 906 | _a010770 | ||
| 999 |
_c138660 _d138660 |
||